000 00323nam a2200145Ia 4500
005 20250603145100.0
008 250603s9999 xx 000 0 und d
050 _aKP 132 .N5/
245 0 _aHire purchase and sales of goods
260 _aLagos
260 _bprincton
260 _c2010
650 _aLagos
942 _cBK
999 _c40816
_d40816